Tratado de la realización cinematográfica

Uloženo v:
Podrobná bibliografie
Hlavní autor: Kulechov, León (Autor)
Médium: Kniha
Jazyk:španělština
Vydáno: Buenos Aires Futuro SRL 1947
Vydání:1a. ed
Edice:Colección Celuloide
Témata:
Tagy: Přidat tag
Žádné tagy, Buďte první, kdo vytvoří štítek k tomuto záznamu!

MARC

LEADER 00000cam a2200000 a 4500
001 UCC7764
003 CL-VaPUC
008 190505e19470000ag |||||||||||||||||spa|d
082 0 4 |a 791.4309  |b KUL  |2 21 
100 |a Kulechov, León  |e author  |9 602442 
245 1 0 |a Tratado de la realización cinematográfica 
250 |a 1a. ed 
300 |a 423 p 
942 |c BK 
945 |d 20190505 21:05:00  |a dcastane 
260 |a Buenos Aires  |b Futuro SRL  |c 1947 
650 0 |a Historia del cine  |9 265166 
650 0 |a Industria cinematográfica  |9 266081 
583 |a last modification  |c 20190505 21:05:00  |k Rodrigo Vera 
490 0 |a Colección Celuloide 
999 |c 374313  |d 374311 
952 |0 0  |1 0  |3 erd  |4 0  |6 791_430900000000000_KUL_1947  |7 0  |8 A  |9 492814  |a BIBART  |b BIBART  |i 554548K  |o 791.4309 KUL 1947  |p 554548K  |r 2025-03-13  |w 2019-11-24  |y BK  |z Catalogado en:20190505  |k ART